Statistics for Every Aretha Franklin song that hit the Billboard hot 100

Click here to take the quiz!

General Stats

  • This quiz has been taken 21 times
  • The average score is 6 of 73

Answer Stats

Peak Chart PositionYearSong% Correct
11967Respect
89%
101968I Say A Little Prayer
58%
71968Think
53%
11987I Knew You Were Waiting (For Me)
47%
21968Chain Of Fools
47%
21971Spanish Harlem
32%
71985Who's Zoomin' Who
32%
81967A Natural Woman (You Make Me Feel Like)
26%
91971Rock Steady
21%
31985Freeway Of Love
21%
261998A Rose Is Still A Rose
16%
61968The House That Jack Built
16%
31974Until You Come Back To Me (That's What I'm Gonna Do)
11%
141968See Saw
11%
111970Don't Play That Song
11%
201973Angel
11%
41967Baby I Love You
11%
191969The Weight
5%
471974Ain't Nothing Like The Real Thing
5%
281976Something He Can Feel
5%
711969Tracks Of My Tears
5%
561981United Together
5%
261994Willing To Forgive
5%
231970Spirit In The Dark
5%
371970Border Song (Holy Moses)/You And Me
5%
631994A Deeper Love (From "Sister Act 2")
5%
181985Sisters Are Doin' It For Themselves
5%
51968(Sweet Sweet Baby) Since You've Been Gone
5%
51971Day Dreaming
5%
171969Eleanor Rigby
5%
161989Through The Storm
5%
91967I Never Loved A Man (The Way I Love You)
5%
861963Trouble In Mind
0%
761969Gentle On My Mind
0%
961965Can't You Just See Me
0%
721976Jump
0%
731972Oh Me Oh My (I'm A Fool For You Baby)
0%
761998Here We Go Again
0%
761961Won't Be Long
0%
821987Rock-A-Lott
0%
811972Wholy Holy
0%
611983Get It Right
0%
941962Rough Lover
0%
941967Mockingbird
0%
821977Look Into Your Heart
0%
921962Don't Cry, Baby
0%
831968Soulville
0%
841981Come To Me
0%
851977Break It To Me Gently
0%
871962I Surrender, Dear
0%
281987Jimmy Lee
0%
571964Runnin' Out Of Fools
0%
241972Jump To It
0%
61972Bridge Over Troubled Water/Brand New Me
0%
131970Call Me/Son Of A Preacher Man
0%
131969Share Your Love With Me
0%
161968Ain't No Way
0%
191974I'm In Love
0%
191971You're All I Need To Get By
0%
211986Jumpin' Jack Flash
0%
221986Another Night
0%
261972All The Kings Horses
0%
561968You Send Me
0%
281969I Can't See Myself Leaving You
0%
311969My Song
0%
331973Master Of Eyes (The Deepness Of Your Eyes)
0%
371961Rock-A-Bye Your Baby With A Dixie Melody
0%
411989It Isn't, It Wasn't, It Ain't Never Gonna Be
0%
451974Without Love
0%
461981Love All The Hurt Away
0%
531975Mr. D.J. (5 For The D.J.)
0%
561967Take A Look
0%
1001962Try A Little Tenderness
0%

Score Distribution

Percentile by Number Answered

Percent of People with Each Score

Your Score History

You have not taken this quiz